History by Picture A-Z - Statistics

General Stats
  • This quiz has been taken 2,634 times
  • The average score is 22 of 26
Answer Stats
Picture Hint Answer % Correct
E Egypt
98%
A Neil Armstrong
98%
X X-Ray
96%
D Dodo
95%
J Jurassic
95%
H Hiroshima
94%
K Knight
94%
T Mother Teresa
94%
M Mammoth
93%
V Vincent van Gogh
93%
C Marie Curie
91%
G Genghis Khan
89%
I Inca
89%
O Ottoman Empire
89%
R Rasputin
89%
U USSR
88%
N {Norse} Mythology
86%
P Rosa Parks
85%
W Battle of {Waterloo}
84%
Q Quill
81%
F {Forbidden} City
80%
B Bastille
77%
L Latin
75%
Y Boris Yeltsin
71%
S Salem
68%
Z Ziggurat
38%
No matching quizzes found
Score Distribution
Percent of People with Each Score
Percentile by Number Answered
Your Score History
You have not taken this quiz